El turismo en la provincia de Quebec (Canadá) y el Estado de Tlaxcala (México) : (Record no. 217303)
[ view plain ]
| 000 -CABECERA | |
|---|---|
| campo de control de longitud fija | 00808nam a22001937a 4500 |
| 005 - FECHA Y HORA DE LA ÚLTIMA TRANSACCIÓN | |
| campo de control | 20220718095233.0 |
| 007 - CAMPO FIJO DE DESCRIPCIÓN FÍSICA--INFORMACIÓN GENERAL | |
| campo de control de longitud fija | ta |
| 008 - DATOS DE LONGITUD FIJA--INFORMACIÓN GENERAL | |
| campo de control de longitud fija | 220629s2007 mx ||||f |||| 00| 0 SPA d |
| 020 ## - NÚMERO INTERNACIONAL ESTÁNDAR DEL LIBRO | |
| Número Internacional Estándar del Libro | 970-9871-16-1 |
| 040 ## - FUENTE DE LA CATALOGACIÓN | |
| Centro/agencia transcriptor | CHAP |
| 082 ## - NÚMERO DE LA CLASIFICACIÓN DECIMAL DEWEY | |
| Número de clasificación | 917.91714 |
| Número de documento/Ítem | Y22 |
| 100 0# - ENTRADA PRINCIPAL--NOMBRE DE PERSONA | |
| 9 (RLIN) | 122975 |
| Nombre de persona | Yanes Díaz, Gonzalo |
| 245 ## - MENCIÓN DE TÍTULO | |
| Título | El turismo en la provincia de Quebec (Canadá) y el Estado de Tlaxcala (México) : |
| Resto del título | un estudio comparado / |
| Mención de responsabilidad, etc. | por Yanes Díaz Gonzalo |
| 300 ## - DESCRIPCIÓN FÍSICA | |
| Extensión | 98 páginas : |
| Otras características físicas | tablas,fotografías,mapas. |
| 651 #0 - PUNTO DE ACCESO ADICIONAL DE MATERIA--NOMBRE GEOGRÁFICO | |
| 9 (RLIN) | 185202 |
| Nombre geográfico | Tlaxcala (Edo.) |
| Subdivisión general | Turismo |
| -- | Historia |
| 651 #0 - PUNTO DE ACCESO ADICIONAL DE MATERIA--NOMBRE GEOGRÁFICO | |
| 9 (RLIN) | 185203 |
| Nombre geográfico | Quebec, Canadá |
| Subdivisión general | Turismo |
| 942 ## - ELEMENTOS DE PUNTO DE ACCESO ADICIONAL (KOHA) | |
| Fuente del sistema de clasificación o colocación | Dewey Decimal Classification |
| Tipo de ítem Koha | Libro |
| 260 ## - PUBLICACIÓN, DISTRIBUCIÓN, ETC. | |
| Lugar de publicación, distribución, etc. | Tlaxcala, México: |
| Nombre del editor, distribuidor, etc. | El Colegio de Tlaxcala ; |
| -- | LVIII Legislatura del H. Congreso del Estado, Comisión de Turismo : |
| -- | Consel International d' études Canadiennes, |
| Fecha de publicación, distribución, etc. | 2007. |
| Estado de retiro | Estado de pérdida | Fuente del sistema de clasificación o colocación | Estado dañado | Restricciones de uso | No para préstamo | Código de colección | Localización permanente | Ubicación/localización actual | Ubicación en estantería | Fecha de adquisición | Total de préstamos | Signatura topográfica completa | Código de barras | Fecha visto por última vez | Precio válido a partir de | Tipo de ítem Koha |
|---|---|---|---|---|---|---|---|---|---|---|---|---|---|---|---|---|
| Dewey Decimal Classification | Préstamo 15 días | General | Biblioteca Central | Biblioteca Central | Planta principal - Colección General | 29/06/2022 | 917.91714 Y22 | 33724002563215 | 29/06/2022 | 29/06/2022 | Libro |
